000 00315 a2200157 4500
001 180067
020 _a
040 _cMagnum
100 _aHaagensen, Christine
240 1 0 _aAstronomia
_lpor
245 1 0 _aAstronomia
362 0 _a1899
440 1 _aO Lutador
697 _aMAGNITO: ASTRONOMIA
942 _cBK
999 _c180067
_d180067